000 00901nam a2200253Ia 4500
003 OSt
005 20221005105545.0
006 a|||||r|||| 00| 0
007 ta
008 221004b |||||||| |||| 00| 0 hin d
020 _a8174872019
_c450
024 _a82911
037 _b584, 30/03/2005, Eastern Book Linkers
_cTextual
040 _aCRL
_cCRL
_bhin
041 _2hin
_ahin
082 _aR635x1,1, 152P0
100 _aद्विवेदी, प्रतिभा रानी
245 0 _aयोग प्रतिभा
246 _aYog pratibhā
260 _aनई दिल्ली
_bराधा पब्लिकेशन्स भारत
_c2000
300 _a335पृ0
_ccm.
942 _hR635x1,1, 152P0
_cTEXL
_2cc
999 _c1016159
_d1016159